| 000 | 00528nam a2200181 i 4500 | ||
|---|---|---|---|
| 001 | 94425 | ||
| 003 | ES-MaACL | ||
| 005 | 20250627063640.0 | ||
| 007 | t| | ||
| 008 | 050429s1978 sp ||||1| spa d | ||
| 100 | 1 |
_aLorén, Santiago, _d1918-2010 _974093 |
|
| 245 | 1 | 0 |
_aNuestra vida sexual / _cSantiago Lorén. |
| 260 |
_aBarcelona : _bPlaneta, _c1978. |
||
| 300 |
_a426 p., 62 lám. col., 5 h. : _bil. ; _c25 cm. |
||
| 650 | 4 |
_aSexualidad. _917078 |
|
| 852 |
_aES-MaACL _jA-8196 _bR.97431 |
||
| 999 |
_c94425 _d94425 |
||